000 00316nam a2200133Ia 4500
008 240624s9999 xx 000 0 und d
041 _aeng
082 _a823 SIL
100 _aSILVA DANIEL
245 _aHOUSE OF SPIES
260 _c2017
_aNew Delhi
_bHarperCollins
300 _a526 p.; 19 cm.
365 _cRS
_b27.5
999 _c29518
_d29518